1962 1498 1584 1611 1216 1239 1051 1570 1563 1797 1822 1838 1320 1136 1668 1733 1753 1551 1764 1857 1455 1358 1411 1783 1783 1912 1487 1643 1774 1387 1449 1070 1350 1538 1783 1093 1491 1745 1379 1877 1106 1767 1537 1400 1188 1751 1907 1839 1442 1370 1772 1463 1915 1164 1735 1455 1829 1434 1631 1676 1622 1457 1248 1785 1673 1916 1619 1708 1586 1828 1914 1162 1505 1108 1431 1956 1210 1582 1708 1149 1522 1826 1444 1675 1405 1352 1785 1061 1111 1426 1953 1596 1793 1622 1544 1882 1837 1207 1240 BCNSPRNW ULIB Ver.6.0+V

เปลี่ยนเป็นภาษาไทย

Change to English
 แสดงรายละเอียดบรรณานุกรม
  กลับหน้าหลัก

Brief Record : Get Marc (ISO 2709) : E-mail record : QR code < ปิดหน้าต่าง
LEADER : 00000nam 2200000uu 4500
001    13399111166
003     ULIB
008    110619s2548||||th 000 0 tha d
060  4 WY18.2^bว587ม 2548
110 1  วิทยาลัยพยาบาลเครือข่ายภาคกลาง
245 00 สาระทบทวน วิชา การพยาบาลผู้ใหญ่/^cวิทยาลัยพยาบาลเครือข่ายภาคกลาง
250    พิมพ์ครั้งที่ 1
260    กรุงเทพฯ:^bวิทยาลัยพยาบาลเครือข่ายภาคกลาง,^c2548
300    330 หน้า
650  7 การพยาบาลผุ้ใหญ่^xคำถามและคำตอบ
945    ^p0^l0^i13703
945    ^p0^l0^i13704
945    ^p0^l0^i027790
995     เกษร
999    ^aใช้งานได้ทุกระบบ
รายการนี้ยังไม่มีแท็ก
คุณยังไม่ได้ล็อกอิน คุณสามารถมีกิจกรรมร่วมกับเว็บไซต์ได้ แต่ต้องล็อกอินก่อน ::
  ล็อกอิน

รายการสื่อสารสนเทศ

ลำดับที่ ประเภท เลขเรียก/บาร์โค้ด สถานที่ สถานะ
- ไม่พบข้อมูล -

BibComment


ยังไม่เคยถูกคอมเมนท์

คอมเมนท์ทรัพยากรรายการนี้
  คอมเมนท์: สาระทบทวน วิชา กา..


 Copyright 2026. Bcnsprnw @Library